戰地鍾聲
| 資料類型: | 圖書 | 書目號: | 32866 |
Leader xxxxxxxxxx 001 __ 80007842 005 __ 19950314132324.0 008 __ chi 010 0_ |a957-558-378-7|b平裝|d 020 __ |acw|b81002854 100 __ |a19920617g1992 0chib0109 e. 101 0_ |achi. 102 __ |acw. 105 __ |aa z 000yy. 200 1_ |a戰地鍾聲|e|f海明威原著|g王麗紅改寫. 205 __ |a初版. 210 __ |a臺南市|c大千文化|d1992[民81] 211 __ |a8106. 215 0_ |a面|c|d公分. 225 1_ |a世界文學注音版全集|v21. 260 1_ |a1992. 300 __ |a 681 __ |a859.6. 700 __ |a王|b麗紅|4撰文 702 __ |a|b|4 |